| 000 | 00948nam a22002657a 4500 | ||
|---|---|---|---|
| 999 |
_c5680 _d5680 |
||
| 003 | OSt | ||
| 005 | 20251014103810.0 | ||
| 008 | 251014b ||||| |||| 00| 0 eng d | ||
| 020 |
_a9781474927802 _qbook set |
||
| 040 | _cKH8 | ||
| 082 | _aFIC LER | ||
| 100 |
_aLeroux, Gaston, _eauthor. |
||
| 245 |
_aThe Phantom of the Opera / _cGaston Leroux ; retold by Kate Knighton and illustrated by Victor Tavares. |
||
| 260 |
_aEngland ; _bUsborne Publishing Ltd , _c2008. |
||
| 300 |
_a64 pages : _bcolour illustrations ; _c20 cm. |
||
| 490 |
_aUsborne Young Reading _vseries two |
||
| 520 | _aDeep below the Paris Opera House lurks a secret. Who is the mysterious phantom who haunts the stars of the stage? | ||
| 650 |
_aEasy reading _vfiction |
||
| 650 |
_aStory book _vfiction |
||
| 650 | _aYoung readers | ||
| 700 |
_aKnighton, Kate, _eauthor. |
||
| 700 |
_aTavares, Victor, _eillustrator. |
||
| 830 | _aUsborne Young Reading | ||
| 942 |
_2ddc _cFIC |
||